[Event "Wch Seniors 20th"]
[Site "Arco"]
[Date "2010.11.04"]
[Round "9"]
[White "Wuensch, Ulrich"]
[Black "Gutzeit, Avraham"]
[Result "0-1"]
[WhiteElo "2056"]
[BlackElo "2175"]
[PlyCount "68"]
[EventDate "2010.10.26"]
[EventType "swiss"]
[EventRounds "11"]
[EventCountry "ITA"]
[SourceTitle "EXT 2011"]
[Source "ChessBase"]
[SourceDate "2010.11.26"]
[SourceVersion "1"]
[SourceVersionDate "2010.11.26"]
[SourceQuality "1"]

1. d4 Nf6 2. Nf3 g6 3. c4 Bg7 4. Nc3 d5 5. Bg5 Ne4 6. Bh4 Nxc3 7. bxc3 dxc4 8. Qa4+ Nd7 9. Qxc4 0-0 10. e3 a6 11. Be2 Nb6 12. Qb3 Be6 13. Qa3 Re8 14. 0-0 Bc4 15. Bxc4 Nxc4 16. Qb4 b5 17. a4 c6 18. Rfd1 Qd6 19. Qb3 Nb6 20. axb5 cxb5 21. e4 Rec8 22. Rac1 Ra7 23. Bg3 Qe6 24. Qb1 Qc4 25. Nd2 Qc6 26. Nb3 Na4 27. c4 bxc4 28. Na5 Qb5 29. Rxc4 Rxc4 30. Nxc4 Nc3 31. Qxb5 axb5 32. Bb8 Ra8 33. Nb6 Rxb8 34. Rd3 Rxb6 0-1

[Event "Wch Seniors 19th"]
[Site "Condino"]
[Date "2009.11.03"]
[Round "7"]
[White "Gutzeit, Avraham"]
[Black "Karasev, Vladimir I"]
[Result "0-1"]
[WhiteElo "2140"]
[BlackElo "2365"]
[PlyCount "116"]
[EventDate "2009.10.27"]
[EventType "swiss"]
[EventRounds "11"]
[EventCountry "ITA"]
[SourceTitle "EXT 2010"]
[Source "ChessBase"]
[SourceDate "2010.11.25"]
[SourceVersion "1"]
[SourceVersionDate "2010.11.25"]
[SourceQuality "1"]

1. e4 c5 2. Nf3 e6 3. c4 d6 4. Be2 e5 5. 0-0 Nc6 6. d3 h6 7. Nc3 g5 8. Ne1 Bg7 9. Nc2 Nge7 10. Ne3 0-0 11. Bg4 Nd4 12. Bxc8 Rxc8 13. Ncd5 Nxd5 14. Nxd5 f5 15. exf5 Nxf5 16. Qa4 a6 17. Bd2 Rf7 18. Rab1 Nd4 19. Qd1 b5 20. Qg4 Qe8 21. h4 Qe6 22. Qxe6 Nxe6 23. hxg5 hxg5 24. cxb5 axb5 25. Nc3 b4 26. Ne4 Ra8 27. Nxd6 Rd7 28. Nf5 Rxd3 29. Nxg7 Kxg7 30. Be3 Rxa2 31. Rfc1 Rd5 32. Kf1 Kf6 33. g3 e4 34. Kg2 Kf5 35. Rh1 Rd3 36. Rhc1 Ra5 37. Rh1 Ra6 38. Rhc1 Rc6 39. Ra1 Rd5 40. Ra4 Nd4 41. Bxd4 Rxd4 42. Ra5 Rd5 43. Rb5 Ke5 44. Rxb4 cxb4 45. Rxc6 Rd2 46. Rc5+ Kd4 47. Rxg5 e3 48. Rg4+ Kd3 49. Rxb4 Rxf2+ 50. Kg1 Rf8 51. Rb7 e2 52. Rd7+ Kc2 53. Rc7+ Kb1 54. Re7 Rf1+ 55. Kg2 e1Q 56. Rxe1+ Rxe1 57. g4 Re3 58. Kf2 Rb3 0-1

[Event "Wch Seniors 19th"]
[Site "Condino"]
[Date "2009.10.30"]
[Round "4"]
[White "Sloth, Jorn"]
[Black "Gutzeit, Avraham"]
[Result "1-0"]
[WhiteElo "2312"]
[BlackElo "2140"]
[PlyCount "65"]
[EventDate "2009.10.27"]
[EventType "swiss"]
[EventRounds "11"]
[EventCountry "ITA"]
[SourceTitle "EXT 2010"]
[Source "ChessBase"]
[SourceDate "2010.11.25"]
[SourceVersion "1"]
[SourceVersionDate "2010.11.25"]
[SourceQuality "1"]

1. Nf3 Nf6 2. c4 c5 3. g3 b6 4. Bg2 Bb7 5. 0-0 g6 6. Nc3 Bg7 7. Re1 0-0 8. e4 d6 9. d4 cxd4 10. Nxd4 Qc8 11. Nd5 Re8 12. Bg5 Nxd5 13. cxd5 Qc4 14. Be3 Qc7 15. Rc1 Qd7 16. Bf1 Ba6 17. b4 Bxf1 18. Rxf1 Bxd4 19. Qxd4 Na6 20. Bh6 f6 21. Rc6 Qh3 22. Be3 Nb8 23. Rc7 Nd7 24. f4 h5 25. Bf2 g5 26. Qe3 Kf7 27. e5 dxe5 28. fxg5 Rac8 29. Qd3 Kg7 30. d6 Qe6 31. Qa6 Nb8 32. Qb7 Rcd8 33. gxf6+ 1-0

[Event "ISR-ch sf TLV"]
[Site "Tel Aviv"]
[Date "2008.09.14"]
[Round "7"]
[White "Gutzeit, Avraham"]
[Black "Kudischewitsch, David"]
[Result "0-1"]
[WhiteElo "2150"]
[BlackElo "2341"]
[PlyCount "106"]
[EventDate "2008.09.14"]
[EventType "tourn"]
[EventRounds "9"]
[EventCountry "ISR"]
[SourceTitle "EXT 2024"]
[Source "ChessBase"]
[SourceDate "2023.10.10"]
[SourceVersion "1"]
[SourceVersionDate "2023.10.10"]
[SourceQuality "1"]

1. e4 c5 2. Nf3 e6 3. d4 cxd4 4. Nxd4 a6 5. Nc3 b5 6. a3 Bb7 7. g3 d6 8. Bg2 Nd7 9. 0-0 Ngf6 10. f4 Qc7 11. Kh1 Be7 12. Qe2 Nb6 13. g4 Qc4 14. Qxc4 Nxc4 15. g5 Nd7 16. f5 e5 17. Nde2 Rc8 18. b3 Ncb6 19. Be3 Na8 20. Rac1 h6 21. gxh6 gxh6 22. Rfd1 Nf6 23. Bf3 Nc7 24. Bb6 Nd7 25. Be3 Kf8 26. Nd5 Nxd5 27. exd5 Bg5 28. Bxg5 hxg5 29. Ng3 Nf6 30. c4 bxc4 31. Rxc4 Ke7 32. Kg1 Rh4 33. Rdc1 Kd8 34. Bg2 Rd4 35. Rxc8+ Bxc8 36. Rc6 Kd7 37. Rc4 Rxc4 38. bxc4 Kc7 39. Bf3 Kb6 40. Kf2 Kc5 41. Be2 a5 42. Nf1 Bxf5 43. Nd2 Bc2 44. Nf3 Nh7 45. Ne1 Bb1 46. Ke3 f5 47. Kd2 Nf6 48. Kc3 f4 49. Nf3 g4 50. Ng5 Bf5 51. Ne6+ Bxe6 52. dxe6 f3 53. Bf1 e4 0-1

[Event "Wch Seniors 16th"]
[Site "Arvier"]
[Date "2006.09.22"]
[Round "11"]
[White "Tatai, Stefano"]
[Black "Gutzeit, Avraham"]
[Result "1-0"]
[WhiteElo "2361"]
[BlackElo "2079"]
[PlyCount "61"]
[EventDate "2006.09.11"]
[EventType "swiss"]
[EventRounds "11"]
[EventCountry "ITA"]
[SourceTitle "CBM 114 Extra"]
[Source "ChessBase"]
[SourceDate "2006.11.03"]
[SourceVersion "1"]
[SourceVersionDate "2006.11.03"]
[SourceQuality "1"]

1. e4 e5 2. Nf3 Nc6 3. Bb5 a6 4. Bxc6 dxc6 5. 0-0 Qd6 6. d3 Bg4 7. Be3 f6 8. Nbd2 g5 9. h3 Bh5 10. Nc4 Qe7 11. b4 Bf7 12. Bc5 Qe6 13. Bxf8 Kxf8 14. Nfd2 Rd8 15. Ne3 Ne7 16. a4 h5 17. Qf3 Bg6 18. Nb3 Kf7 19. Rfb1 b6 20. a5 b5 21. Nc5 Qc8 22. c3 Kg7 23. Rd1 Rd6 24. d4 exd4 25. Rxd4 Rhd8 26. Rad1 Rxd4 27. cxd4 Rd6 28. e5 fxe5 29. dxe5 Rxd1+ 30. Qxd1 Bf7 31. Qf3 1-0

[Event "Wch Seniors 16th"]
[Site "Arvier"]
[Date "2006.09.21"]
[Round "10"]
[White "Gutzeit, Avraham"]
[Black "Malmdin, Nils Ake"]
[Result "1-0"]
[WhiteElo "2079"]
[BlackElo "2218"]
[PlyCount "67"]
[EventDate "2006.09.11"]
[EventType "swiss"]
[EventRounds "11"]
[EventCountry "ITA"]
[SourceTitle "CBM 114 Extra"]
[Source "ChessBase"]
[SourceDate "2006.11.03"]
[SourceVersion "1"]
[SourceVersionDate "2006.11.03"]
[SourceQuality "1"]

1. e4 d5 2. exd5 Nf6 3. Nf3 Nxd5 4. d4 g6 5. Be2 Bg7 6. 0-0 0-0 7. c3 Nc6 8. c4 Nb6 9. d5 Na5 10. Na3 c6 11. Qe1 Na4 12. Qb4 b5 13. cxb5 cxb5 14. Bxb5 Nc3 15. bxc3 Rb8 16. Qf4 Bf5 17. Bd2 Qxd5 18. Qa4 a6 19. Be2 Bd7 20. Qh4 Bc6 21. Bh6 Bf6 22. Bg5 Bxc3 23. Rac1 Rb4 24. Qg3 Bf6 25. Nc2 Ra4 26. Bxa6 h5 27. Ne3 h4 28. Nxd5 hxg3 29. Nxf6+ exf6 30. Bxf6 gxh2+ 31. Kxh2 Bd7 32. Ne5 Be6 33. Kg3 Ra3+ 34. f3 1-0

[Event "Wch Seniors 16th"]
[Site "Arvier"]
[Date "2006.09.16"]
[Round "6"]
[White "Gutzeit, Avraham"]
[Black "Manukyan, Aleksan"]
[Result "1-0"]
[WhiteElo "2079"]
[BlackElo "2195"]
[PlyCount "120"]
[EventDate "2006.09.11"]
[EventType "swiss"]
[EventRounds "11"]
[EventCountry "ITA"]
[SourceTitle "CBM 114 Extra"]
[Source "ChessBase"]
[SourceDate "2006.11.03"]
[SourceVersion "1"]
[SourceVersionDate "2006.11.03"]
[SourceQuality "1"]

1. e4 e6 2. d4 d5 3. Nc3 Bb4 4. e5 c5 5. a3 cxd4 6. axb4 dxc3 7. Nf3 Qc7 8. bxc3 Ne7 9. Bd3 Ng6 10. 0-0 Nd7 11. Re1 Qxc3 12. Bd2 Qc7 13. Qe2 Nb6 14. h4 Nc4 15. Bc1 b5 16. h5 Ne7 17. Nd4 Rb8 18. Kh1 a6 19. Qg4 g6 20. Bh6 Rg8 21. Bf4 Bb7 22. h6 Kd7 23. Nb3 Qc6 24. Qg5 Rbe8 25. Ra2 Ra8 26. Rea1 Ke8 27. Nc5 a5 28. Nxb7 Qxb7 29. bxa5 Nc6 30. a6 Qe7 31. Rb1 Qxg5 32. Bxg5 N6xe5 33. Rxb5 Kd7 34. Bxc4 Nxc4 35. Rb7+ Kc6 36. Rxf7 Rgf8 37. Rxh7 Rxf2 38. Rg7 Ne5 39. Kh2 Rf5 40. Bd2 Rf2 41. Bc3 Rf5 42. h7 Ng4+ 43. Kg3 Nf2 44. Rg8 Ne4+ 45. Kh2 Rh5+ 46. Kg1 Nxc3 47. Rxa8 Nxa2 48. h8Q Rxh8 49. Rxh8 Kb6 50. Rb8+ Ka7 51. Re8 Nb4 52. Rxe6 Nxa6 53. Rxg6 Nb4 54. Rd6 Kb7 55. c3 Na2 56. Rxd5 Nxc3 57. Rd3 Ne4 58. g4 Kc6 59. Kg2 Nf6 60. g5 Nd5 1-0

[Event "Wch Seniors 16th"]
[Site "Arvier"]
[Date "2006.09.15"]
[Round "5"]
[White "Zhelesny, Stanislav"]
[Black "Gutzeit, Avraham"]
[Result "1/2-1/2"]
[WhiteElo "2235"]
[BlackElo "2079"]
[PlyCount "66"]
[EventDate "2006.09.11"]
[EventType "swiss"]
[EventRounds "11"]
[EventCountry "ITA"]
[SourceTitle "CBM 114 Extra"]
[Source "ChessBase"]
[SourceDate "2006.11.03"]
[SourceVersion "1"]
[SourceVersionDate "2006.11.03"]
[SourceQuality "1"]

1. d4 d5 2. Nf3 Nf6 3. g3 g6 4. Bg2 Bg7 5. 0-0 0-0 6. Nbd2 c6 7. c3 Nbd7 8. Re1 e5 9. dxe5 Ng4 10. h3 Ngxe5 11. Nxe5 Nxe5 12. f4 Qb6+ 13. Kh2 Nc4 14. Nxc4 dxc4 15. e4 Rd8 16. Qe2 Be6 17. Be3 Qa5 18. a3 Rd3 19. Bf1 Rad8 20. Qf2 Qh5 21. Qg2 Bg4 22. Be2 Bxe2 23. Rxe2 Qa5 24. Qf2 b6 25. Rae1 Re8 26. Qg2 Qb5 27. e5 Qd5 28. Qxd5 Rxd5 29. Kg2 f6 30. exf6 Bxf6 31. Bf2 Rxe2 32. Rxe2 Kf7 33. Kf3 Rd3+ 1/2-1/2

[Event "Wch Seniors 16th"]
[Site "Arvier"]
[Date "2006.09.14"]
[Round "4"]
[White "Gutzeit, Avraham"]
[Black "Keserovic, Milan"]
[Result "1/2-1/2"]
[WhiteElo "2079"]
[BlackElo "2230"]
[PlyCount "112"]
[EventDate "2006.09.11"]
[EventType "swiss"]
[EventRounds "11"]
[EventCountry "ITA"]
[SourceTitle "CBM 114 Extra"]
[Source "ChessBase"]
[SourceDate "2006.11.03"]
[SourceVersion "1"]
[SourceVersionDate "2006.11.03"]
[SourceQuality "1"]

1. e4 e5 2. Nf3 Nc6 3. Bb5 a6 4. Ba4 Nf6 5. 0-0 Be7 6. Re1 b5 7. Bb3 d6 8. c3 0-0 9. h3 Na5 10. Bc2 c5 11. d4 cxd4 12. cxd4 Bb7 13. Nbd2 Rc8 14. d5 Nh5 15. Nf1 Nf4 16. Ne3 g6 17. b3 Ra8 18. Bd2 Bc8 19. a4 Bd7 20. axb5 axb5 21. Bb4 Re8 22. Ra3 Nb7 23. Qa1 Rc8 24. Ra7 Qb6 25. Qa6 Qxa6 26. Rxa6 Bf8 27. Ra7 Rb8 28. Kf1 Rec8 29. Rea1 Rc7 30. Ra8 Rcc8 31. Rxb8 Rxb8 32. Ra7 Be8 33. Ng1 Nc5 34. g3 Nfd3 35. Bxc5 Nxc5 36. b4 Na4 37. Nf3 Bh6 38. Ng4 Bg7 39. Ra6 Nb6 40. Nd2 h5 41. Ne3 Bh6 42. Ke2 Bd7 43. h4 Kf8 44. Nb3 Nc4 45. Bd3 Rc8 46. Ra7 Ke8 47. Nd1 Kd8 48. Na5 Nxa5 49. Rxa5 Rc1 50. Ne3 Bxe3 51. Kxe3 Rc3 52. Kd2 Rb3 53. Bxb5 Rxb4 54. Ra8+ Ke7 55. Bxd7 Kxd7 56. Ra7+ Ke8 1/2-1/2

[Event "Tel Aviv After Holidays IM"]
[Site "Tel Aviv"]
[Date "2003.10.26"]
[Round "7"]
[White "Gutzeit, Avraham"]
[Black "Deutsch, Eyal"]
[Result "0-1"]
[WhiteElo "2145"]
[BlackElo "2316"]
[PlyCount "110"]
[EventDate "2003.10.19"]
[EventType "tourn"]
[EventRounds "9"]
[EventCountry "ISR"]
[EventCategory "1"]
[SourceTitle "EXT 2004"]
[Source "ChessBase"]
[SourceDate "2003.11.25"]
[SourceVersion "1"]
[SourceVersionDate "2003.11.25"]
[SourceQuality "1"]

1. e4 c6 2. Nc3 d5 3. Nf3 Bg4 4. h3 Bh5 5. Be2 Nf6 6. e5 Nfd7 7. d4 e6 8. 0-0 Be7 9. Nb1 c5 10. c3 Nc6 11. Be3 Qb6 12. Qb3 cxd4 13. cxd4 0-0 14. Nbd2 Bg6 15. Rfc1 Rfc8 16. a3 Rc7 17. Rc3 Rac8 18. Rac1 Qxb3 19. Nxb3 Nb6 20. Bb5 Nd7 21. Na5 Ndb8 22. b4 a6 23. Bxc6 b6 24. Bb7 Rxc3 25. Bxc8 Rxc1+ 26. Bxc1 bxa5 27. bxa5 Kf8 28. Ne1 Ke8 29. f4 Kd8 30. Bb7 Kc7 31. Ba8 Bh4 32. Kf1 Be7 33. g4 Be4 34. a4 Bb1 35. Nf3 Bc2 36. f5 Bxa4 37. Ng5 Bxg5 38. Bxg5 Bc6 39. Bxc6 Nxc6 40. fxe6 fxe6 41. Kf2 Nxd4 42. Be7 Nc6 43. Bd6+ Kd7 44. Ke3 Nxa5 45. Bf8 g6 46. Kf4 Ke8 47. Bb4 Nc4 48. Bc3 Kf7 49. Kf3 Ke8 50. Kf4 a5 51. Kg5 Kf7 52. Kh6 Kg8 53. Kg5 Kg7 54. Bd4 a4 55. Kf4 a3 0-1

[Event "Tel Aviv After Holidays IM"]
[Site "Tel Aviv"]
[Date "2003.10.24"]
[Round "6"]
[White "Cohen, Or"]
[Black "Gutzeit, Avraham"]
[Result "1/2-1/2"]
[WhiteElo "2177"]
[BlackElo "2145"]
[PlyCount "53"]
[EventDate "2003.10.19"]
[EventType "tourn"]
[EventRounds "9"]
[EventCountry "ISR"]
[EventCategory "1"]
[SourceTitle "EXT 2004"]
[Source "ChessBase"]
[SourceDate "2003.11.25"]
[SourceVersion "1"]
[SourceVersionDate "2003.11.25"]
[SourceQuality "1"]

1. e4 e5 2. Nf3 Nc6 3. d4 exd4 4. Nxd4 Bc5 5. Nxc6 Qf6 6. Qf3 dxc6 7. Nc3 Be6 8. Be3 Qxf3 9. gxf3 Bxe3 10. fxe3 0-0-0 11. Bd3 Nf6 12. Kf2 Kb8 13. h4 h5 14. Rhg1 g6 15. Rg5 b6 16. Ne2 c5 17. Nf4 Bc8 18. Ke1 c6 19. Bc4 Rhf8 20. Rd1 Rxd1+ 21. Kxd1 b5 22. Bf1 c4 23. Rg2 Re8 24. Rd2 Kc7 25. Bh3 Bxh3 26. Nxh3 Re7 27. Nf2 1/2-1/2

[Event "Tel Aviv After Holidays IM"]
[Site "Tel Aviv"]
[Date "2003.10.19"]
[Round "1"]
[White "Gutzeit, Avraham"]
[Black "Ettinger, Amir"]
[Result "0-1"]
[WhiteElo "2145"]
[BlackElo "2189"]
[PlyCount "124"]
[EventDate "2003.10.19"]
[EventType "tourn"]
[EventRounds "9"]
[EventCountry "ISR"]
[EventCategory "1"]
[SourceTitle "EXT 2004"]
[Source "ChessBase"]
[SourceDate "2003.11.25"]
[SourceVersion "1"]
[SourceVersionDate "2003.11.25"]
[SourceQuality "1"]

1. e4 e5 2. Nf3 Nc6 3. Bb5 Nge7 4. 0-0 g6 5. c3 Bg7 6. d4 exd4 7. cxd4 a6 8. Ba4 b5 9. Bb3 d6 10. a3 0-0 11. h3 Na5 12. Ba2 Bb7 13. Nc3 c5 14. dxc5 dxc5 15. Qxd8 Rfxd8 16. Bg5 Re8 17. Rad1 c4 18. Bb1 h6 19. Be3 Nb3 20. Rd6 Rad8 21. Rfd1 Nc6 22. Bb6 Rxd6 23. Rxd6 Bf8 24. Rd7 Re7 25. Rd1 Bg7 26. Bc2 Ne5 27. Rd8+ Kh7 28. Nxe5 Bxe5 29. f3 Re6 30. Be3 Bc6 31. Kf2 Bf6 32. Rd1 Kg7 33. Bxb3 cxb3 34. Bd4 a5 35. Bxf6+ Kxf6 36. Rd4 Ke7 37. Ke3 f5 38. Rd3 fxe4 39. Nxe4 Bxe4 40. fxe4 a4 41. Rc3 Rb6 42. Rc5 b4 43. Rc1 bxa3 44. bxa3 Ke6 45. Kd4 Rd6+ 46. Kc5 Ke5 47. Kb4 Rd4+ 48. Kc3 Rxe4 49. Rf1 Rf4 50. Re1+ Kd5 51. Re2 Rc4+ 52. Kd3 Rc1 53. Rd2 Ra1 54. Kc3+ Kc5 55. Re2 Rxa3 56. Re5+ Kd6 57. Ra5 Ra2 58. Ra6+ Ke5 59. Rxg6 Rc2+ 60. Kd3 a3 61. Ra6 a2 62. g4 Rc1 0-1

[Event "Tel Aviv Before Thunder Storm"]
[Site "Tel Aviv"]
[Date "2002.10.26"]
[Round "7"]
[White "Gutzeit, Avraham"]
[Black "Bykhovsky, Avigdor"]
[Result "1/2-1/2"]
[WhiteElo "2152"]
[BlackElo "2481"]
[PlyCount "102"]
[EventDate "2002.10.20"]
[EventType "tourn"]
[EventRounds "11"]
[EventCountry "ISR"]
[EventCategory "2"]
[SourceTitle "EXT 2003"]
[Source "ChessBase"]
[SourceDate "2002.11.25"]
[SourceVersion "1"]
[SourceVersionDate "2002.11.25"]
[SourceQuality "1"]

1. e4 e5 2. Nf3 Nc6 3. Bb5 a6 4. Ba4 Nf6 5. 0-0 Nxe4 6. d4 b5 7. Bb3 d5 8. dxe5 Be6 9. c3 Nc5 10. Bg5 Qd7 11. Qe2 h6 12. Bh4 g5 13. Bg3 Nxb3 14. axb3 Bc5 15. b4 Bb6 16. Na3 0-0-0 17. Nc2 Kb7 18. Nfd4 h5 19. h4 Nxd4 20. Nxd4 Rdg8 21. f4 gxf4 22. Bxf4 Rg4 23. g3 Rhg8 24. Kh2 Qe7 25. Bg5 R4xg5 26. hxg5 Qxg5 27. Qf2 h4 28. Nxe6 hxg3+ 29. Kg2 fxe6 30. Qe2 Rh8 31. Rh1 Rf8 32. Raf1 Rf2+ 33. Rxf2 gxf2+ 34. Kf3 Qf5+ 35. Kg2 Qf4 36. Rf1 Be3 37. Qh5 Qe4+ 38. Kg3 Qc4 39. Kg2 Qe4+ 40. Kg3 Qc2 41. Qg4 Qd3 42. Kg2 Qe4+ 43. Qxe4 dxe4 44. Rd1 Kc6 45. Kf1 Bb6 46. Ke2 e3 47. Rd8 a5 48. bxa5 Bxa5 49. Rd1 Bb6 50. b4 Ba7 51. Rd8 Bb6 1/2-1/2

[Event "Tel Aviv Before Thunder Storm"]
[Site "Tel Aviv"]
[Date "2002.10.25"]
[Round "6"]
[White "Kharnak, Dmitri"]
[Black "Gutzeit, Avraham"]
[Result "1-0"]
[WhiteElo "2243"]
[BlackElo "2152"]
[PlyCount "93"]
[EventDate "2002.10.20"]
[EventType "tourn"]
[EventRounds "11"]
[EventCountry "ISR"]
[EventCategory "2"]
[SourceTitle "EXT 2003"]
[Source "ChessBase"]
[SourceDate "2002.11.25"]
[SourceVersion "1"]
[SourceVersionDate "2002.11.25"]
[SourceQuality "1"]

1. d4 d5 2. c4 c6 3. Nf3 e6 4. Qc2 f5 5. Bf4 Nf6 6. e3 Bb4+ 7. Nc3 0-0 8. Bd3 Ne4 9. 0-0 Nd7 10. Ne5 Ndf6 11. f3 Nd6 12. Ne2 Nh5 13. g4 Nxf4 14. Nxf4 Ba5 15. Kh1 Bc7 16. Rg1 dxc4 17. Bxc4 Nxc4 18. Qxc4 Qf6 19. Nfd3 Qh6 20. Rae1 Bd7 21. Nf4 Bxe5 22. dxe5 Rae8 23. g5 Qh4 24. Rg3 c5 25. Reg1 Bc6 26. Qe2 Rd8 27. Nxe6 Qb4 28. Nxd8 Rxd8 29. Rd1 Re8 30. g6 hxg6 31. Rxg6 Rxe5 32. Rdg1 Qf4 33. Rxg7+ Kf8 34. Rg8+ Ke7 35. R1g7+ Kf6 36. Rg6+ Ke7 37. R8g7+ Kf8 38. Rg8+ Ke7 39. R8g7+ Kf8 40. exf4 Rxe2 41. Rc7 Bxf3+ 42. Kg1 Be4 43. h4 Rxb2 44. h5 c4 45. h6 Rb1+ 46. Kf2 Rh1 47. h7 1-0

[Event "Tel Aviv Before Thunder Storm"]
[Site "Tel Aviv"]
[Date "2002.10.23"]
[Round "4"]
[White "Shutzman, Joseph"]
[Black "Gutzeit, Avraham"]
[Result "1-0"]
[WhiteElo "2187"]
[BlackElo "2152"]
[PlyCount "79"]
[EventDate "2002.10.20"]
[EventType "tourn"]
[EventRounds "11"]
[EventCountry "ISR"]
[EventCategory "2"]
[SourceTitle "EXT 2003"]
[Source "ChessBase"]
[SourceDate "2002.11.25"]
[SourceVersion "1"]
[SourceVersionDate "2002.11.25"]
[SourceQuality "1"]

1. e4 e5 2. Nc3 Nc6 3. f4 exf4 4. Nf3 g5 5. h4 g4 6. Ng5 h6 7. Nxf7 Kxf7 8. Bc4+ d5 9. Bxd5+ Kg7 10. d4 Nf6 11. Bxf4 Nh5 12. Be3 Ng3 13. Rg1 Be7 14. Qd2 Bxh4 15. 0-0-0 Bg5 16. Kb1 Rf8 17. Qe1 Nh5 18. Rh1 Nf4 19. Rd2 Ne7 20. Bb3 Neg6 21. Rf2 Ne6 22. Rxf8 Ngxf8 23. d5 Bxe3 24. Qxe3 Qg5 25. Qd3 Nf4 26. Qd4+ Kg6 27. Rf1 Bd7 28. Qf2 Kg7 29. Qd4+ Kh7 30. e5 N8g6 31. e6 Be8 32. Ne4 Qe5 33. Qxe5 Nxe5 34. Rxf4 h5 35. Rf5 Bg6 36. Rxe5 Rf8 37. a4 Rf1+ 38. Ka2 h4 39. e7 Be8 40. d6 1-0

[Event "Tel Aviv Before Thunder Storm"]
[Site "Tel Aviv"]
[Date "2002.10.20"]
[Round "1"]
[White "Gutzeit, Avraham"]
[Black "Caspi, Israel"]
[Result "1-0"]
[WhiteElo "2152"]
[BlackElo "2135"]
[PlyCount "99"]
[EventDate "2002.10.20"]
[EventType "tourn"]
[EventRounds "11"]
[EventCountry "ISR"]
[EventCategory "2"]
[SourceTitle "EXT 2003"]
[Source "ChessBase"]
[SourceDate "2002.11.25"]
[SourceVersion "1"]
[SourceVersionDate "2002.11.25"]
[SourceQuality "1"]

1. e4 c5 2. Nf3 e6 3. d4 cxd4 4. Nxd4 Nf6 5. Nc3 d6 6. Be3 a6 7. Qd2 b5 8. f3 Nbd7 9. g4 Nb6 10. g5 Nfd7 11. f4 Bb7 12. a3 Rc8 13. 0-0-0 Nc5 14. Bd3 Qc7 15. Kb1 Nc4 16. Bxc4 bxc4 17. Qg2 Rb8 18. f5 Qa5 19. Ka1 e5 20. Nde2 Nxe4 21. Nxe4 d5 22. Bd2 Qa4 23. N4c3 Qxc2 24. Nd4 exd4 25. Qg3 Rc8 26. Qe5+ Kd7 27. Qxd4 Bc5 28. Qxg7 Rhf8 29. Bc1 d4 30. Rxd4+ Kc7 31. Rxc4 Bxh1 32. Nd5+ Bxd5 33. Rxc2 Kb7 34. Qe5 Rfd8 35. Rc3 a5 36. b3 Rd7 37. Be3 Bxe3 38. Rxc8 Bxg5 39. Qb8+ Ka6 40. Rc5 Bf6+ 41. Ka2 Bb7 42. Rxa5+ Kb6 43. Qa7+ Kc7 44. Rc5+ Kd8 45. Rc2 Ke8 46. Qb8+ Bd8 47. Re2+ Kf8 48. f6 Bf3 49. Rf2 Rd3 50. Rxf3 1-0

[Event "Tel Aviv Hot Summer"]
[Site "Tel Aviv"]
[Date "2002.08.24"]
[Round "3"]
[White "Neiman, Emmanuel"]
[Black "Gutzeit, Avraham"]
[Result "1-0"]
[WhiteElo "2292"]
[BlackElo "2153"]
[PlyCount "135"]
[EventDate "2002.08.22"]
[EventType "tourn"]
[EventRounds "11"]
[EventCountry "ISR"]
[EventCategory "3"]
[SourceTitle "EXT 2003"]
[Source "ChessBase"]
[SourceDate "2002.11.25"]
[SourceVersion "1"]
[SourceVersionDate "2002.11.25"]
[SourceQuality "1"]

1. d4 d5 2. c4 e6 3. Nc3 Nf6 4. cxd5 exd5 5. Bg5 Be7 6. e3 0-0 7. Bd3 Nbd7 8. Qc2 c6 9. Nge2 Re8 10. 0-0 Nf8 11. f3 g6 12. Rad1 Ne6 13. Bh4 Nh5 14. Bf2 Bh4 15. g3 Bf6 16. g4 Nhg7 17. Kg2 Bh4 18. Ng3 Bd7 19. h3 Qe7 20. a3 Rad8 21. Rb1 Bc8 22. b4 Qd7 23. Nce2 Be7 24. Ng1 Ng5 25. b5 h5 26. h4 Nxf3 27. Nxf3 Qxg4 28. Rh1 Bd6 29. Ne5 Bxe5 30. dxe5 Nf5 31. Rb4 d4 32. exd4 Nxh4+ 33. Rxh4 Qxh4 34. bxc6 Qh3+ 35. Kg1 bxc6 36. Bf1 Qe6 37. Bc4 Qg4 38. Be2 Qe6 39. Ne4 Re7 40. Bh4 Red7 41. Bxd8 Rxd8 42. Qc1 Kg7 43. Qg5 Qd5 44. Qf6+ Kg8 45. Qf4 Qe6 46. Bc4 Qe7 47. Qf6 Qxf6 48. Nxf6+ Kg7 49. Bb3 Bf5 50. Kf2 a5 51. Ra4 h4 52. Bd1 h3 53. Bf3 Bc2 54. Rc4 Bb3 55. Rc3 a4 56. Ke3 h2 57. Rxc6 Rh8 58. Rc1 g5 59. d5 Rh3 60. Kf2 g4 61. Bg2 Rd3 62. Ke2 Rd4 63. Ke3 Rd1 64. Rxd1 Bxd1 65. Kf2 Bf3 66. Bxf3 gxf3 67. Nh5+ Kf8 68. Ng3 1-0

[Event "Tel Aviv Hot Summer"]
[Site "Tel Aviv"]
[Date "2002.08.23"]
[Round "2"]
[White "Gutzeit, Avraham"]
[Black "Zalkind, Konstantin"]
[Result "1-0"]
[WhiteElo "2153"]
[BlackElo "2265"]
[PlyCount "129"]
[EventDate "2002.08.22"]
[EventType "tourn"]
[EventRounds "11"]
[EventCountry "ISR"]
[EventCategory "3"]
[SourceTitle "EXT 2003"]
[Source "ChessBase"]
[SourceDate "2002.11.25"]
[SourceVersion "1"]
[SourceVersionDate "2002.11.25"]
[SourceQuality "1"]

1. e4 c5 2. Nc3 e6 3. g3 d5 4. d3 Nc6 5. Bg2 Nf6 6. Nge2 Be7 7. 0-0 0-0 8. a3 a6 9. h3 Qc7 10. exd5 exd5 11. Nf4 d4 12. Ncd5 Nxd5 13. Nxd5 Qd8 14. Nxe7+ Qxe7 15. Re1 Be6 16. Bf4 Qd7 17. Qh5 f5 18. Re2 Bd5 19. Bxd5+ Qxd5 20. b3 Rf6 21. Rae1 h6 22. Re8+ Rxe8 23. Qxe8+ Kh7 24. h4 b5 25. h5 Qf3 26. Re6 Rxe6 27. Qxe6 b4 28. Qxf5+ Kh8 29. Qxc5 bxa3 30. Qxa3 Qxh5 31. Qxa6 Qd1+ 32. Kg2 Qxc2 33. Qc4 Qxc4 34. bxc4 g5 35. Bd6 Kg7 36. Kf3 h5 37. Ke4 Kf6 38. Kd5 Nd8 39. Kxd4 Ke6 40. Bc7 Nc6+ 41. Ke3 Kd7 42. Bb6 h4 43. gxh4 gxh4 44. d4 Ne7 45. Kf3 Nf5 46. Kg4 Nd6 47. c5 Ne4 48. f4 Ke6 49. c6 Nf6+ 50. Kxh4 Nd5 51. Bc5 Nxf4 52. Kg4 Nd5 53. Kf3 Nc7 54. Ke4 Nd5 55. Kd3 Nc7 56. Kc4 Nd5 57. Ba3 Nc7 58. Kc5 Nd5 59. Bc1 Ne7 60. Bf4 Nd5 61. Bg5 Nc7 62. Kb6 Nd5+ 63. Kb7 Kd6 64. Bh4 Ke6 65. c7 1-0